000 00441nam a22001817i 4500
001 4403
003 OSt
005 20170126082334.0
007 tu
008 161220s1999 xxu||||| |||| 00| 0 d
024 7 _a4402
_2RID
040 _cOSt
245 0 0 _aBericht über die menschliche Entwicklung 1999
260 _c1999
300 _a298 S. ;
_c30cm.
490 _aUNDP Development Report
110 2 _aUnited Nations Development Programme (UNDP)
_eEd.
942 _cB
999 _c4324
_d4324